000 00370nam a2200133Ia 4500
008 220217s9999||||xx |||||||||||||| ||und||
020 _a0-07-041181-6
082 _a005.133 URM
100 _aUrman, Scott
_91256
245 0 _aOracle8i advanced PL/SQL programming
260 _aTata mcgraw hill
_bNew Delhi
_c2000
300 _b475
650 _aPROGRAMMING LANGUAGE
999 _c166144
_d166144